书目信息 |
| 题名: |
有机电化学合成导论
|
|
| 作者: | 马淳安 著 | |
| 分册: | ||
| 出版信息: | 北京 科学出版社 2006 |
|
| 页数: | 364页 | |
| 开本: | 24cm | |
| 丛书名: | 21世纪科学版化学专著系列 | |
| 单 册: | ||
| 中图分类: | TQ203.9 | |
| 科图分类: | ||
| 主题词: | 有机合成 , 电化学反应 , 有机合成--电化学反应 | |
| 电子资源: | ||
| ISBN: | 7-03-010067-0 | |
| 000 | 01201nam0 2200325 450 | |
| 000 | 01208nam0 2200325 450 | |
| 000 | 01138nam0 2200301 450 | |
| 000 | 01102nam0 2200289 45 | |
| 005 | 20070525153720.57 | |
| 010 | @a7-03-010067-0@dCNY46.00 | |
| 100 | @a20070430d2006 em y0chiy0120 ea | |
| 101 | 0 | @achi |
| 102 | @aCN@b110000 | |
| 105 | @ay z 000yy | |
| 200 | 1 | @a有机电化学合成导论@AYou Ji Dian Hua Xue He Cheng Dao Lun@f马淳安著@FMa Chun An Zhu |
| 210 | @a北京@c科学出版社@d2006 | |
| 215 | @a364页@d24cm | |
| 225 | 2 | @a21世纪科学版化学专著系列 |
| 300 | @a中国科学院科学出版基金资助出版 | |
| 304 | @a马淳安(1951~),生于浙江省东阳市,现任浙江工业大学教授、博士生导师,著有《有机电化学合成导论》等。 | |
| 330 | @a本书介绍了共有12章,包括:“有机电化学合成的理论基础”、“有机电合成性能评价”、“有机电极过程的研究技术”、“有机电化学合成技术”等。 | |
| 410 | 0 | @12001 @a21世纪科学版化学专著系列 |
| 510 | 1 | @aIntroduction to Sythetic Organic Electrochemistry@zeng |
| 606 | 0 | @a有机合成 |
| 606 | 0 | @a电化学反应 |
| 606 | 0 | @a有机合成@x电化学反应 |
| 690 | @aTQ203.9@v4 | |
| 701 | 0 | @a马淳安@AMa Chun An@4著 |
| 801 | 0 | @aCN@bTAOJIN@c20070525 |
| 905 | @a10447@dTQ203.9@e20 | |
| 有机电化学合成导论/马淳安著.-北京:科学出版社,2006 |
| 364页;24cm.-(21世纪科学版化学专著系列) |
| 中国科学院科学出版基金资助出版 |
| ISBN 7-03-010067-0:CNY46.00 |
| 本书介绍了共有12章,包括:“有机电化学合成的理论基础”、“有机电合成性能评价”、“有机电极过程的研究技术”、“有机电化学合成技术”等。 |
| ● |
| 相关链接 |
|
|
|
|
正题名:有机电化学合成导论
索取号:TQ203.9/20
 
预约/预借
| 序号 | 登录号 | 条形码 | 馆藏地/架位号 | 状态 | 备注 |
| 1 | 0522814 | 205228145 | 第二样本阅览室/ [索取号:TQ203.9/20] | 在馆 | |
| 2 | 0522815 | 205228154 | 密集书库/ [索取号:TQ203.9/20] | 在馆 | |
| 3 | 0522816 | 205228163 | 密集书库/ [索取号:TQ203.9/20] | 在馆 | |
| 4 | 0522817 | 205228172 | 密集书库/ [索取号:TQ203.9/20] | 在馆 | |
| 5 | 0522818 | 205228181 | 密集书库/ [索取号:TQ203.9/20] | 在馆 | |
| 6 | 0522819 | 205228190 | 密集书库/ [索取号:TQ203.9/20] | 在馆 | |
| 7 | 0522820 | 205228207 | 密集书库/ [索取号:TQ203.9/20] | 在馆 | |
| 8 | 0522821 | 205228216 | 密集书库/ [索取号:TQ203.9/20] | 在馆 | |
| 9 | 0522822 | 205228225 | 密集书库/ [索取号:TQ203.9/20] | 在馆 | |
| 10 | 0522823 | 205228234 | 密集书库/ [索取号:TQ203.9/20] | 在馆 | |
| 11 | 0522824 | 205228243 | 第三借阅区/ [索取号:TQ203.9/20] | 在馆 | |
| 12 | 0522825 | 205228252 | 第三借阅区/ [索取号:TQ203.9/20] | 在馆 | |
| 13 | 0522826 | 205228261 | 第三借阅区/ [索取号:TQ203.9/20] | 在馆 | |
| 14 | 0522827 | 205228270 | 密集书库/ [索取号:TQ203.9/20] | 在馆 | |
| 15 | 0522828 | 205228289 | 密集书库/ [索取号:TQ203.9/20] | 在馆 |